=LDR 00000nam 2200000 4500 =001 INLIS000000000022684 =005 20130612121422 =008 ***********************************Ind** =035 ##$$0010-061300000022684 =041 ##$$a Ind =082 ##$$a F Rom D =090 ##$$a F Rom D, Wel-w =100 ##$$a Wellman, Paul I =245 ##$$a Wanita, Paul I. Wellman, alih bahasa, Alfons Taryadi =260 ##$$a 1991 $b Jakarta =300 ##$$a 577 hlm., 18 cm =650 ##$$a Fiksi Dewasa-Terjemahan =700 ##$$a Alfons Taryadi =850 ##$$a NBPNMAT